00772nam a2200217Ii 45000010005000000030009000050080041000140400033000550410008000880820015000961000026001112450056001372640059001933000012002523360026002643370028002903380027003189400050003459990017003959520142004128701CO-ViMGA241108s9999||||xx |||||||||||||| ||und|| aCO-ViMGAbspaerdacCO-ViMGA0 aunk04a628.5-B6211 aJorge E Barnes95541010aTratamiento de aguas negras y desechos industriales 1a[Lugar de publicación no identificado] : Uteha, 1967 avolumen atextbtxt2rdacontent aunmediatedbn2rdamedia avolumebnc2rdacarrier aidficha_siabuc: 8504. -- ficha_no_siabuc:8701 c52927d52927 001040708001aMEVIGERRbMEVIGERRcGENd2006-11-27hVol.1o628.5-B621pECA9031r2024-11-26 10:09:35tEj.1w2024-11-26yBKz8504 | 11932